|
|
|
|
| LEADER |
00974cam a2200217 a 4500 |
| 001 |
2104559 |
| 005 |
20241129102337.0 |
| 008 |
960130s1996 enka b 001 0 eng |
| 952 |
|
|
|0 0
|1 0
|2 ddc
|4 0
|6 530_120000000000000_LIN
|7 0
|9 227594
|a LISP
|b LISP
|c BSC
|d 2018-11-15
|i 138311
|l 0
|o 530.12 LIN
|p 025000259210
|r 2018-11-15 00:00:00
|t 1
|v 2018.00
|w 2018-11-15
|y BK15
|
| 999 |
|
|
|c 137317
|d 137317
|
| 020 |
|
|
|a 0099747510
|
| 040 |
|
|
|a DLC
|c DLC
|d DLC
|b gre
|e AACR2
|
| 082 |
0 |
0 |
|a 530.12
|2 20
|
| 100 |
1 |
|
|a Lindley, David,
|d 1956-
|e συγγραφέας.
|9 51991
|
| 245 |
1 |
0 |
|a Where does the weirdness go? :
|b why quantum mechanics is strange, but not as strange as you think /
|c David Lindley.
|
| 260 |
|
|
|a London :
|b Vintage,
|c c1996.
|
| 300 |
|
|
|a xiv, 251 σ. :
|b εικ. ;
|c 22 εκ.
|
| 504 |
|
|
|a Περιλαμβάνει βιβλιογραφικές παραπομπές και ευρετήριο.
|
| 650 |
|
4 |
|a Θεωρία των κβάντα
|9 765
|
| 942 |
|
|
|2 ddc
|c BK15
|
| 998 |
|
|
|c ΜΠΟΥΡΑΣ
|d 2018-11
|